00554nam a22001697a 450000500170000001000130001702000260003003500120005603700160006808200110008410000280009524500710012324600450019426000490023927000750028830000210036320220620103033.0 aUR-11583 a9788194921165c300.00 aU-10138 bDBAD/PUBa- a841.08 aولی ا حمد خان aنقو شی اوّ لین /cولی ا حمد خانhا ر د و  aNuqoosh-E-Awwaleen /bby Vali Ahmed Khan aJaipurbHamari Taquat Publicationc2022 ء  a301, Meerji Colony, Behind M.L.A.'s Qtrs. M.I. RoadbJaipure302001l- a176 صc22cm(Hb)